Friends Quiz-Hard - Statistics

General Stats
  • This quiz has been taken 71 times
  • The average score is 8 of 12
Answer Stats
Hint Answer % Correct
Ross' monkey name marcel
92%
Chandler's age when he first touched a girl's breast? 19
89%
Joey's agents name Estelle
89%
How many layers of tan does ross get in "The One with Ross's Tan" 8
85%
What does Joey accidentally buy in a silent auction Boat
82%
What is Chandlers middle name Muriel
79%
Who got Emma's (Racheal and Ross daughter) ears pierced amy
76%
What is the last word in Friends where
76%
What trophy do Monica and Ross compete over by playing American football Geller Cup
68%
What is Phoebe's ex-husband's profession ice skater
68%
Ross and Chandlers band name Way, No Way
32%
How does Joey break his arm fell off the bed
3%
No matching quizzes found
Score Distribution
Percent of People with Each Score
Percentile by Number Answered
Your Score History
You have not taken this quiz